000 00309nam a22001457a 4500
008 210527b ||||| |||| 00| 0 eng d
020 _a9781595584793
041 _aeng
080 _a070
082 _a070
100 _a42
101 _aMED
245 _aSubmersion Journalism
_cWasik.B
942 _2udc
_cBK
999 _c57718
_d57718